Mercadotecnia (Registro nro. 1495)

Detalles MARC
000 -LEADER
fixed length control field 02633 a2200241 4500
001 - CONTROL NUMBER
control field 26770
005 - DATE AND TIME OF LATEST TRANSACTION
control field 20260407155545.0
008 - FIXED-LENGTH DATA ELEMENTS--GENERAL INFORMATION
fixed length control field 260407a1989 arg spa d
003 - CONTROL NUMBER IDENTIFIER
control field AR-UNSa-BCEJYS
040 ## - CATALOGING SOURCE
Original cataloging agency AR-UNSa-BCEJYS
Language of cataloging spa
Transcribing agency AR-UNSa-BCEJYS
080 ## - UNIVERSAL DECIMAL CLASSIFICATION NUMBER
Universal Decimal Classification number 658.8
Common auxiliary subdivision Organización de mercados. Marketing. Ventas. Distribución
020 ## - INTERNATIONAL STANDARD BOOK NUMBER
International Standard Book Number 968-880-156-9
100 1# - MAIN ENTRY--PERSONAL NAME
Personal name Kotler, Philip
245 10 - TITLE STATEMENT
Title Mercadotecnia
250 ## - EDITION STATEMENT
Edition statement 3a. ed
264 #1 - PRODUCTION, PUBLICATION, DISTRIBUTION, MANUFACTURE, AND COPYRIGHT NOTICE
Place of production, publication, distribution, manufacture México :
Name of producer, publisher, distributor, manufacturer Prentice-Hall Hispanoamericana
Date of production, publication, distribution, manufacture, or copyright notice 1989
300 ## - PHYSICAL DESCRIPTION
Extent xxii, 746 p.
Dimensions 25 cm.
505 ## - FORMATTED CONTENTS NOTE
Formatted contents note Parte I: Comprensión de la Mercadotecnia: 1. Fundamentos sociales de la mercadotecnia: satisfacción de las necesidades humanas - 2. Proceso de la administración de mercadotecnia - Parte II: Organización del proceso de planificación de mercadotecnia: 3. Planeación estratégica y planeación de mercadotecnia - 4. Investigación de mercados y sistemas de información - Parte III: Análisis de oportunidades de mercado: 5. Ambiente de mercadotecnia - 6. Mercados de consumo: influencia sobre conducta del consumidor - 7. Mercados de consumo: rocesoso de decisión del comprador - 8. Mercados organizacionales y conducta de compra organizacional - Parte IV: Sección de mercados meta: 9. Medición y prónostico de la demanda - 10. Segmentación, selección de mercados y posicionamiento en el mercado - Parte V: Desarrollo de la mezcla de mercadotecnia: 11. Diseño de productos: productos, marcas, empaque y servicios - 12. Diseño de productos: estartegias relativas al desarrollo de nuevos productos y al ciclo de vida del producto - 13. Fijación de precios de los productos: consideraciones y enfoques - 14. Fijación de precio de los productos: estratgias - 15. Colocación de productos: canales de distribución y distribución física - 16. Colocación de productos: comercios detallista y mayorista - 17. Promoción de productos: comunicación y estrategias - 18. Promoción de productos: publicidad, promoción de ventas y publicidad no pagada - 19. Promoción de los productos: ventas personales y administración de ventas - Parte VI: Administración del esfuerzo de mercadotecnia: 20. Estrategias competitivas de mercadotecnia: 20. Estrategias competitivas de mercadotecnia - 21. Implementación, organización, y control de los programas de mercadotecnia - Parte VII: Mercadotecnia ampliada: 22. Mercadotecnia internacional - 23. Mercadotecnia de servicios y mercadotecnia no lucrativa - 24. Mercadotecnia y sociedad.
590 ## - LOCAL NOTE (RLIN)
Local note niveau_biblio:m niveau_hierar:0
700 1# - ADDED ENTRY--PERSONAL NAME
Personal name Salazar, José Manuel
700 1# - ADDED ENTRY--PERSONAL NAME
Personal name Hernández Garnica, Clotilde
942 ## - ADDED ENTRY ELEMENTS (KOHA)
Koha item type
Existencias
Withdrawn status Lost status Damaged status Not for loan Home library Current library Shelving location Date acquired Total checkouts Full call number Barcode Date last seen Price effective from Koha item type
        Biblioteca Prof. Eusebio Cleto del Rey Biblioteca Prof. Eusebio Cleto del Rey   07/04/2026   658.8 K87m 3ed. L53651 07/04/2026 07/04/2026 Libro
        Biblioteca Prof. Eusebio Cleto del Rey Biblioteca Prof. Eusebio Cleto del Rey   07/04/2026   658.8 K87m 3ed. L53646 07/04/2026 07/04/2026 Libro
        Biblioteca Prof. Eusebio Cleto del Rey Biblioteca Prof. Eusebio Cleto del Rey   07/04/2026   658.8 K87m 3ed. L53647 07/04/2026 07/04/2026 Libro
        Biblioteca Prof. Eusebio Cleto del Rey Biblioteca Prof. Eusebio Cleto del Rey   07/04/2026   658.8 K87m 3ed. L53648 07/04/2026 07/04/2026 Libro